Statistics for Undertale character names

Click here to take the quiz!

General Stats

  • This quiz has been taken 2,467 times
  • The average score is 11 of 12

Answer Stats

Hint Answer % Correct
Skeleton who loves puns. Final boss of the genocide playthrough.Sans
99%
Skeleton who loves spaghetti and puzzles.Papyrus
98%
Motherly goat woman you meet in the ruins and teaches you to spare monsters.Toriel
97%
Captain of the royal guard that fights with spears. Friends with the above answer.Undyne
94%
Evil flower you meet in the beginning of the game. Final boss of the neutral playthroughFlowey
92%
Robotic TV star of the underground created by the above answer.Mettaton
91%
The real name of the character you control throughout the gameFrisk
91%
The royal scientist that guides you through Hotland.Dr. Alphys
90%
"The true name" of the first human that fell into the undergroundChara
90%
Introverted ghost that lives in WaterfallNapstablook
81%
King of the underground.Asgore Dreemurr
74%
Dead son of the king and queen. Final boss of the true pacifist playthroughAsriel Dreemurr
73%

Score Distribution

Percentile by Number Answered

Percent of People with Each Score

Your Score History

You have not taken this quiz